000
00323nam a2200133Ia 4500
008
240624s9999 xx 000 0 und d
041
_a
eng
082
_a
658 HIA
100
_a
HIAM ALEXANDER
245
_a
BUSINESS INNOVATION FOR DUMMIES
260
_c
2010
_a
Hoboken
_b
Wiley Publishing
300
_a
357 : p.
365
_c
RS
999
_c
16627
_d
16627